00348nam a2200121Ia 4500008004100000100002300041245011200064260001200176260001100188260000900199300000700208650001100215160118s9999 xx 000 0 und d aKularathne,K.A..J. aIsolation of Antifungal Compounds from an Endolichenic Fungus Aspergillus Fumigatus Isolated From Usnea Sp. aColombo bIchemc c2011 a54 aFungus